| 000 | 00000nam 2200000zi 4500 |
| 001 | 9.947535 |
| 003 | CaOODSP |
| 005 | 20250129141849 |
| 006 | m o d f |
| 007 | cr mn||||||||| |
| 008 | 250129e199209 onc obs f000 0 fre d |
| 020 | |z0662977343 |
| 040 | |aCaOODSP|bfre|erda|cCaOODSP |
| 043 | |an-cn--- |
| 086 | 1 |aZ1-1989/1-41-14F-PDF|zZ1-1989/1-41-14F |
| 100 | 1 |aLeore, Robert, |eauteur. |
| 245 | 10|aTransport interurbain des voyageurs : |bregroupement des données / |cRobert Leore. |
| 264 | 1|a[Ottawa] : |b[Commission royale sur le transport des voyageurs au Canada], |cseptembre 1992. |
| 264 | 4|c©1992 |
| 300 | |a1 ressource en ligne (1 volume (en pagination multiple)) |
| 336 | |atexte|btxt|2rdacontent/fre |
| 337 | |ainformatique|bc|2rdamedia/fre |
| 338 | |aressource en ligne|bcr|2rdacarrier/fre |
| 500 | |aPublié aussi en anglais sous le titre : Intercity passenger transportation data compendium. |
| 500 | |a« Rapport rédigé pour la Division de la recherche, Commission royale sur le transport des voyageurs au Canada. » |
| 500 | |a« RR-14. » |
| 500 | |a« Mark V. » |
| 500 | |aÉdition numérisée de l'imprimée [par Direction des publications du gouvernement du Canada]. |
| 504 | |aComprend des références bibliographiques. |
| 650 | 6|aTransport de voyageurs|zCanada|vStatistiques. |
| 650 | 6|aTransports ferroviaires|zCanada|xTrafic voyageurs|vStatistiques. |
| 650 | 6|aLignes d'autobus|zCanada|vStatistiques. |
| 650 | 6|aTransports aériens|zCanada|vStatistiques. |
| 710 | 1 |aCanada. |bCommission royale sur le transport des voyageurs au Canada. |bDivision de la recherche, |eorganisme de publication. |
| 775 | 08|tIntercity passenger transportation data compendium / |w(CaOODSP)9.947532 |
| 856 | 40|qPDF|s14.8 Mo|uhttps://publications.gc.ca/collections/collection_2025/bcp-pco/Z1-1989-1-41-14-fra.pdf |